The Unknown Power/ (Record no. 213331)

MARC details
000 -LEADER
fixed length control field 00629nam a22002057a 4500
005 - DATE AND TIME OF LATEST TRANSACTION
control field 20250904125012.0
010 ## - LCCN (DPL NO)
LC control number ENG-146638
020 ## - INTERNATIONAL STANDARD BOOK NUMBER
International Standard Book Number 9789334225211
Terms of availability 200.00
035 ## - SYSTEM CONTROL NUMBER
System control number EN-130170
037 ## - SOURCE OF ACQUISITION
Source of stock number/acquisition DBAD
082 ## - DEWEY DECIMAL CLASSIFICATION NUMBER
Classification number 230.2
Edition number 1
100 ## - MAIN ENTRY--PERSONAL NAME
Personal name Neelakantan, Nurani
245 ## - TITLE STATEMENT
Title The Unknown Power/
Statement of responsibility, etc Nurani Neelakantan
250 ## - EDITION STATEMENT
Edition statement 1
260 ## - PUBLICATION, DISTRIBUTION, ETC. (IMPRINT)
Place of publication, distribution, etc Thiruvananthapurm
Name of publisher, distributor, etc N.K. Neelakantan
Date of publication, distribution, etc 2025
270 ## - ADDRESS
Address 28/1255, Swara 93, Chithira Gardens, Sreekanteswaram
City Thiruvananthapurm
Postal code 695023
Electronic mail address nkn623@gmail.com
300 ## - PHYSICAL DESCRIPTION
Extent 208p.
Dimensions 21cm(pbk)
Other physical details Ill.
700 ## - ADDED ENTRY--PERSONAL NAME
9 (RLIN) 84716
942 ## - ADDED ENTRY ELEMENTS (KOHA)
Source of classification or shelving scheme Dewey Decimal Classification
Item type English Books
Classification part 230.2
Call number suffix NEE
Holdings
Withdrawn status Lost status Not for loan Collection code Home library Current library Date acquired Source of acquisition Cost, normal purchase price Full call number Barcode Copy number Cost, replacement price Koha item type
      Non-fiction Mobile Library Mobile Library 04/09/2025 DBAD 200.00 230.2 NEE EN-130170 1 200.00 English Books

© Delhi Public Library
Hit Counter
free hit counter